000 00658nam a2200253Ia 4500
003 OSt
005 20140313134601.0
008 140130s9999 xx 000 0 und d
020 _a9780439184748
050 _aPZ 7
_b.P915j12 2000
100 _aPreller, James.
245 _cJames Preller.
_aThe Case of the Class clown /
260 _bScholastic Inc.,
_cc2000.
_aUSA :
300 _a73 p. :
_bcol. ill. ;
_c23 cm.
440 _v1
521 _aG1
526 _c280
650 _aDetective and mystery stories.
650 _aPractical jokes
_xFiction.
650 _aSchools
_xFiction.
942 _cBK
_2lcc
999 _c40096
_d40096